Cultivar sin arar : (Registro nro. 4078)

Detalles MARC
000 -CABECERA
Campo de control 01159nam a2200301 a 4500
005 - FECHA Y HORA DE LA ULTIMA TRANSACCION
Campo de control 20200104041547.0
008 - ELEMENTOS DE LONGITUD FIJA—INFORMACION GENERAL
Campo de control 120307s2000 ck a gr 00010 spa d
020 ## - ISBN
ISBN 9589679331
040 ## - FUENTE DE CATALOGACIÓN
Agencia catalogadora original CO-BoBLA
Agencia transcriptora CO-BoBLA
Agencia Modificadora CO-BoIAVH
041 0# - IDIOMA
Código de idioma para texto/pista de sonido o título separado Español
044 ## - PAÍS DE PUBLICACIÓN
País de publicación Colombia
082 04 - NUMERO DE CLASIFICACION DECIMAL DEWEY
Número de clasificación 631.51
Número del ítem C96a
245 00 - MENCION DE TITULO
Título Cultivar sin arar :
Parte restante del título labranza mínima de siembra directa en los Andes /
Mención de responsabilidad revisión Carlos E. Quintero Murillo [y otros 2]
260 ## - PUBLICACION, DISTRIBUCION, ETC. (PIE DE IMPRENTA)
Lugar de publicación, distribución, etc. [Bogotá?] :
Nombre del editor, distribuidor, etc. Proyecto Checua :
-- Proyecto de Conservación de Suelo y Agua en la Zona Andina de Colombia,
Fecha de publicación, distribución, etc. 2000.
300 ## - DESCRIPCION FISICA
Extensión 146 páginas :
Otros detalles físicos ilustraciones a color ;
Dimensiones 20 x 22 cm.
504 ## - NOTA DE BIBLIOGRAFIA, ETC.
Nota de bibliografía Incluye referencias bibliográficas.
650 26 - ASIENTO SECUNDARIO DE MATERIA - TERMINO TEMATICO
Término temático o nombre geográfico como elemento de entrada Labranza.
Subdivisión general Técnicas
9 (RLIN) 73489
650 26 - ASIENTO SECUNDARIO DE MATERIA - TERMINO TEMATICO
Término temático o nombre geográfico como elemento de entrada Agricultura
9 (RLIN) 304
650 26 - ASIENTO SECUNDARIO DE MATERIA - TERMINO TEMATICO
Término temático o nombre geográfico como elemento de entrada Abonos
9 (RLIN) 73491
650 26 - ASIENTO SECUNDARIO DE MATERIA - TERMINO TEMATICO
Término temático o nombre geográfico como elemento de entrada Fertilizantes
9 (RLIN) 18621
650 26 - ASIENTO SECUNDARIO DE MATERIA - TERMINO TEMATICO
Término temático o nombre geográfico como elemento de entrada Análisis del suelo.
9 (RLIN) 286
650 26 - ASIENTO SECUNDARIO DE MATERIA - TERMINO TEMATICO
Término temático o nombre geográfico como elemento de entrada Erosión
Subdivisión general Causas
9 (RLIN) 73494
650 26 - ASIENTO SECUNDARIO DE MATERIA - TERMINO TEMATICO
Término temático o nombre geográfico como elemento de entrada Conservación de la naturaleza
9 (RLIN) 97
700 1# - ASIENTO SECUNDARIO - NOMBRE PERSONAL
Nombre personal Quintero Murillo, Carlos E.
Término de relación revisión
9 (RLIN) 21400
700 1# - ASIENTO SECUNDARIO - NOMBRE PERSONAL
Nombre personal Otero Beltrán, Wilson
Término de relación revisión
9 (RLIN) 21401
700 1# - ASIENTO SECUNDARIO - NOMBRE PERSONAL
Nombre personal De la Rosa Cortés, Alberto
Término de relación revisión
9 (RLIN) 21402
942 ## - ELEMENTOS ADICIONALES (KOHA)
Sistema de clasificación Dewey Decimal Classification
Tipo de ítem Libro
Existencias
Withdrawn status Lost status Sistema de Clasificación Damaged status No para préstamo Colección Inventariado Ubicación Permanente Ubicación actual Fecha de adquisición Fuente de Valor Valor Total Checkouts Número topográfico Inventario / Código de Barras Date last seen Ejemplar Price effective from Forma de adquisición Tipo de material
    Dewey Decimal Classification     General Inventariado 2017 Bogotá Bogotá 18/08/2004 Instituto 15000.00   LB-631.51 C96a 016478 04/12/2012 Ej. 1 04/12/2012 Donación Libro